000 00652nam a22002297a 4500
003 UA-OsUOA
001 40326
007 ta
008 20080610b un ||||| |||| 00| 0 ukr d
100 _aЧапленко В.
090 _a82 (477)
_bЧ-19
942 _cBK
040 _aUA-OsUOA
_bukr
_cUA-OsUOA
_dUA-OsUOA
245 _aДещо про красне письменство й мистецтво взагалі.
_bЗбірка статей
300 _a128 с.
955 _a4
041 _aukr
080 _a82 (477)
260 _aН.-Й.
_c1980
650 7 _a82 Література. Літературознавство
_2UDC
999 _c438854
_d438854